Normal view
MARC view
- الفتوحات الاسلامية- الاقباط- مصر- تاريخ
Entry Topical Term
001 - CONTROL NUMBER
- control field: 12919
003 - CONTROL NUMBER IDENTIFIER
- control field: JO-AjAnu
005 - DATE AND TIME OF LATEST TRANSACTION
- control field: 20230606072353.0
008 - FIXED-LENGTH DATA ELEMENTS
- fixed length control field: 230606|| aca||aabn | a|a d
040 ## - CATALOGING SOURCE
- Original cataloging agency: JO-AjAnu
- Transcribing agency: JO-AjAnu
150 ## - HEADING--TOPICAL TERM
- Topical term or geographic name entry element: الفتوحات الاسلامية- الاقباط- مصر- تاريخ
670 ## - SOURCE DATA FOUND
- Source citation: Work cat.: (JO-AjAnu)6648: ترجمة ودراسة : عبد الجليل، عمر صابر أحمد, author 12918, تاريخ مصر ليوحنتا النقيوسي: رؤية قبطية للفتح الإسلامي